000 00975nam a22002777a 4500
001 BR7807368
003 BR-BrBNA
005 20240319115137.0
007 ta
008 230509b bl.||||| |||| 00| 0 por d
040 _aBR-BrBNA
_bpor
_cBiblioteca Nacional de Agricultura
041 _a(Por)
072 _aB50; E10; E50
_b/G514
090 _aB50
_bBR7807368
110 1 _aEscola Interamericana de Administracao Publica, Rio de Janeiro, RJ (Brasil). Centro de Pos-Graduacao em Desenvolvimento Agricola
_94315
245 1 _aPERSAGRI - Projeto evolucao recente e situacao atual da agricultura brasileira. 2. A agricultura brasileira e seus esquemas explicativos; analise historiografica
_bTomo 2
260 3 _aRio de Janeiro, RJ (Brasil):
_c1978.
300 _a261 p.
500 _a11 ref.
650 _aHISTORIA
650 _aDESENVOLVIMENTO AGRICOLA
650 _aESTRUTURA AGRARIA
650 _aPOLITICA AGRICOLA
650 _aPOLITICA SOCIAL
942 _cBK
_2AGRIS
999 _c26470
_d26470